The melting of cast iron and non-ferrous alloys. (Record no. 70570)
[ view plain ]
| 000 -LEADER | |
|---|---|
| fixed length control field | 00403nam a22001457a 4500 |
| 003 - CONTROL NUMBER IDENTIFIER | |
| control field | NUST - PNEC |
| 005 - DATE AND TIME OF LATEST TRANSACTION | |
| control field | 20170116181143.0 |
| 008 - FIXED-LENGTH DATA ELEMENTS--GENERAL INFORMATION | |
| fixed length control field | 151008b xxu||||| |||| 00| 0 eng d |
| 040 ## - CATALOGING SOURCE | |
| Transcribing agency | LIBRARY |
| 082 ## - DEWEY DECIMAL CLASSIFICATION NUMBER | |
| Classification number | 620.17 LIP |
| 100 ## - MAIN ENTRY--PERSONAL NAME | |
| 9 (RLIN) | 14801 |
| Personal name | Lipnitsky, A |
| 245 ## - TITLE STATEMENT | |
| Title | The melting of cast iron and non-ferrous alloys. |
| Statement of responsibility, etc. | A. Lipnitsky |
| 650 ## - SUBJECT ADDED ENTRY--TOPICAL TERM | |
| 9 (RLIN) | 13645 |
| Topical term or geographic name entry element | Nonferrous metals--Founding |
| 942 ## - ADDED ENTRY ELEMENTS (KOHA) | |
| Source of classification or shelving scheme | |
| Koha item type | Book |
| Withdrawn status | Lost status | Source of classification or shelving scheme | Damaged status | Not for loan | Permanent Location | Current Location | Shelving location | Date acquired | Total Checkouts | Full call number | Barcode | Date last seen | Price effective from | Koha item type |
|---|---|---|---|---|---|---|---|---|---|---|---|---|---|---|
| Pakistan Navy Engineering College (PNEC) | Pakistan Navy Engineering College (PNEC) | 620.17 LIP | PNECLIB-002405 | 10/08/2015 | Book |
